000 01150nam a22002657a 4500
999 _c19162
_d19162
005 20260302095054.0
008 s2545 th tha d
020 _a9749577116
040 _aNALT
041 _atha
090 _aKD51/2540
_bม453ค 2545
100 0 _aมานิตย์ จุมปา
_915023
245 1 0 _aคู่มือศึกษาคดีรัฐธรรมนูญ [2nd]
260 3 _aกรุงเทพฯ :
_bวิญญูชน,
_c2545
300 _a362 หน้า ;
_b26 ซม.
650 0 4 _aกฎหมายรัฐธรรมนูญ
_91629
650 0 4 _aคดีรัฐธรรมนูญ
650 0 4 _aคดีอาญาของผู้ดำรงตำแหน่งทางการเมือง
650 0 4 _aรัฐธรรมนูญ -- คำวินิจฉัย
650 0 4 _aศาลรัฐธรรมนูญ -- คำวินิจฉัย
850 _aNALT
856 4 0 _uhttps://hdl.handle.net/20.500.14156/301637
_71
942 _cLB
_012
_2lcc
998 _j111
_k นางสาวพจพิณ พรมเอี่ยม